• AIU
  • Tony Wilmot Memorial Library

War wounds : (Record no. 63769)

MARC details
000 -LEADER
fixed length control field 01198cam a2200325 a 4500
001 - CONTROL NUMBER
control field 1514901
005 - DATE AND TIME OF LATEST TRANSACTION
control field 20170619150141.0
008 - FIXED-LENGTH DATA ELEMENTS--GENERAL INFORMATION
fixed length control field 890525s1988 enka b 000 0 eng
010 ## - LIBRARY OF CONGRESS CONTROL NUMBER
LC control number 89145574
020 ## - INTERNATIONAL STANDARD BOOK NUMBER
International Standard Book Number 1870670086
040 ## - CATALOGING SOURCE
Original cataloging agency DLC
Transcribing agency DLC
Modifying agency DLC
043 ## - GEOGRAPHIC AREA CODE
Geographic area code f-sj---
050 00 - LIBRARY OF CONGRESS CALL NUMBER
Classification number HC835.Z9
Item number D48 1988
082 00 - DEWEY DECIMAL CLASSIFICATION NUMBER
Classification number 330.9624/04
Edition number 20
100 1# - MAIN ENTRY--PERSONAL NAME
Personal name Ahmed, Abdul Rahman Abu Zayd.
245 00 - TITLE STATEMENT
Title War wounds :
Remainder of title development costs of conflict in southern Sudan /
Statement of responsibility, etc Abdul Rahman Abu Zayd Ahmed ... [et al.] ; preface by Olusegun Obasanjo ; edited by Nigel Twose and Benjamin Pogrund.
260 ## - PUBLICATION, DISTRIBUTION, ETC. (IMPRINT)
Place of publication, distribution, etc London ;
-- Washington :
Name of publisher, distributor, etc Panos Institute,
Date of publication, distribution, etc 1988.
300 ## - PHYSICAL DESCRIPTION
Extent iii, 163 p. :
Other physical details ill. ;
Dimensions 20 cm.
500 ## - GENERAL NOTE
General note "Sudanese people reported on their war"--Cover.
650 #0 - SUBJECT ADDED ENTRY--TOPICAL TERM
Topical term or geographic name as entry element War
General subdivision Economic aspects
Geographic subdivision Sudan.
651 #0 - SUBJECT ADDED ENTRY--GEOGRAPHIC NAME
Geographic name Sudan
General subdivision Economic conditions
Chronological subdivision 1973-1983.
651 #0 - SUBJECT ADDED ENTRY--GEOGRAPHIC NAME
Geographic name Sudan
General subdivision Economic conditions
Chronological subdivision 1983-
651 #0 - SUBJECT ADDED ENTRY--GEOGRAPHIC NAME
Geographic name Sudan
General subdivision Social conditions.
700 1# - ADDED ENTRY--PERSONAL NAME
Personal name Twose, Nigel.
700 1# - ADDED ENTRY--PERSONAL NAME
Personal name Pogrund, Benjamin.
740 0# - ADDED ENTRY--UNCONTROLLED RELATED/ANALYTICAL TITLE
Uncontrolled related/analytical title Sudanese people report on their war.
906 ## - LOCAL DATA ELEMENT F, LDF (RLIN)
a 7
b cbc
c orignew
d 2
e ncip
f 19
g y-gencatlg
942 ## - ADDED ENTRY ELEMENTS (KOHA)
Source of classification or shelving scheme
Holdings
Withdrawn status Lost status Source of classification or shelving scheme Damaged status Not for loan Collection code Home library Current library Shelving location Date acquired Source of acquisition Cost, normal purchase price Total Checkouts Full call number Barcode Date last seen Copy number Price effective from Koha item type
    Library of Congress Classification     Special Collection AIU/NEGST - Tony Wilmot Memorial Library AIU/NEGST - Tony Wilmot Memorial Library Special Collection 06/21/2016 Donation- SIL Sudan 10.00   S HC 835.Z9D48 1988 R38788K3232 09/26/2019 1 07/26/2018 Special Collection